000
00330 a2200157 4500
001
150158
040
_c
Escola São Tomás de Aquino
100
_a
CARDIAS, J.
240
1
0
_a
Ninho de poesia
_l
por
245
1
0
_a
Ninho de poesia
300
_a
32
362
0
_a
1991
440
1
_a
Melhoramentos
697
_a
Poesia
942
_c
BK
999
_c
150158
_d
150158